ბათუმის შოთა რუსთაველის სახელმწიფო უნივერსიტეტის ბიბლიოთეკა

Customer experience branding : (ბიბ.ჩანაწერი № 61294)

000 -LEADER
fixed length control field 01448cam a2200361 i 4500
001 - CONTROL NUMBER
control field 19231274
005 - DATE AND TIME OF LATEST TRANSACTION
control field 20240130122411.0
008 - FIXED-LENGTH DATA ELEMENTS--GENERAL INFORMATION
fixed length control field 160815s2016 enk b 001 0 eng
010 ## - LIBRARY OF CONGRESS CONTROL NUMBER
LC control number 2016951183
020 ## - INTERNATIONAL STANDARD BOOK NUMBER
International Standard Book Number 9780749477509 (pbk) X
020 ## - INTERNATIONAL STANDARD BOOK NUMBER
International Standard Book Number 0749477504 (pbk) X
040 ## - CATALOGING SOURCE
Original cataloging agency DLC
Language of cataloging eng
Description conventions rda
Transcribing agency DLC
042 ## - AUTHENTICATION CODE
Authentication code pcc
050 00 - LIBRARY OF CONGRESS CALL NUMBER
Classification number HF5415.1255
Item number .G34 2016
080 ## - UNIVERSAL DECIMAL CLASSIFICATION NUMBER
Universal Decimal Classification number 339.138 G-12
100 1# - MAIN ENTRY--PERSONAL NAME
Personal name Gad, Thomas,
Relator term author.
9 (RLIN) 21154
245 10 - TITLE STATEMENT
Title Customer experience branding :
Remainder of title driving engagement through surprise and innovation /
Statement of responsibility, etc. Thomas Gad.
264 #1 - PRODUCTION, PUBLICATION, DISTRIBUTION, MANUFACTURE, AND COPYRIGHT NOTICE
Place of production, publication, distribution, manufacture London ;
-- Philapelphia, PA :
Name of producer, publisher, distributor, manufacturer Kogan Page,
Date of production, publication, distribution, manufacture, or copyright notice 2016.
300 ## - PHYSICAL DESCRIPTION
Extent xix, 168 pages ;
Dimensions 24 cm
336 ## - CONTENT TYPE
Content type term text
Content type code txt
Source rdacontent
337 ## - MEDIA TYPE
Media type term unmediated
Media type code n
Source rdamedia
338 ## - CARRIER TYPE
Carrier type term volume
Carrier type code nc
Source rdacarrier
504 ## - BIBLIOGRAPHY, ETC. NOTE
Bibliography, etc. note Includes bibliographical references and index.
650 #0 - SUBJECT ADDED ENTRY--TOPICAL TERM
Topical term or geographic name entry element Branding (Marketing)
9 (RLIN) 21155
650 #0 - SUBJECT ADDED ENTRY--TOPICAL TERM
Topical term or geographic name entry element Brand name products.
9 (RLIN) 21156
650 #0 - SUBJECT ADDED ENTRY--TOPICAL TERM
Topical term or geographic name entry element Customer relations.
9 (RLIN) 21157
653 ## - INDEX TERM--UNCONTROLLED
keyword ბრენდინგი (მარკეტინგი) ბრენდის პროდუქტები. კლიენტებთან ურთიერთობა
653 ## - INDEX TERM--UNCONTROLLED
keyword მარკეტინგი
906 ## - LOCAL DATA ELEMENT F, LDF (RLIN)
a 7
b cbc
c origres
d 3
e ncip
f 20
g y-gencatlg
942 ## - ADDED ENTRY ELEMENTS (KOHA)
Source of classification or shelving scheme
Koha item type წიგნი
ეგზემპლარები
Withdrawn status Lost status Source of classification or shelving scheme Damaged status Not for loan Permanent Location Current Location Shelving location Date acquired Cost, normal purchase price Full call number Barcode Date last seen Copy number Price effective from Koha item type Public note
          ბათუმის შოთა რუსთაველის სახელმწიფო უნივერსიტეტის მთავარი ბიბლიოთეკა ბათუმის შოთა რუსთაველის სახელმწიფო უნივერსიტეტის მთავარი ბიბლიოთეკა წიგნსაცავი 2024-01-30 111.00 339.138G-12 67205 2024-01-30 67205 2024-01-30 წიგნი 111.00